<The> Effect of corporate governance on firms’ capital structure of listed companies in Sri Lanka

Prieskum vplyvu korporátnej správy na kapitálovú štruktúru vo vybraných podnikoch Srí Lanky.

Salvato in:
Dettagli Bibliografici
Autore principale: Bulathsinhalage, Siromi
Altri autori: Pathirawasam, Chandrapala
Natura: Capitolo di libro
Lingua:inglese
Soggetti:
Tags: Aggiungi Tag
Nessun Tag, puoi essere il primo ad aggiungerne!!

MARC

LEADER 00000nla a2200000 4500
001 0235045
005 20240417075125.2
041 0 |a eng 
044 |a CZ 
245 1 0 |a <The> Effect of corporate governance on firms’ capital structure of listed companies in Sri Lanka  |c Siromi Bulathsinhalage, Chandrapala Pathirawasam 
520 |a Prieskum vplyvu korporátnej správy na kapitálovú štruktúru vo vybraných podnikoch Srí Lanky. 
610 2 0 |a manažment 
610 2 0 |a štruktúra kapitálová 
610 2 0 |a Srí Lanka 
610 2 0 |a správa podniku 
610 2 0 |a správa spoločnosti 
610 2 0 |a konkurencieschopnosť 
610 2 0 |a analýza regresná 
610 2 0 |a záujmy ekonomické 
100 1 |a Bulathsinhalage, Siromi 
700 1 |a Pathirawasam, Chandrapala